Social change (Record no. 29209)

MARC details
000 -LEADER
fixed length control field 00280nam a2200121Ia 4500
082 ## - DEWEY DECIMAL CLASSIFICATION NUMBER
Classification number 301.15
Item number MOO
100 ## - MAIN ENTRY--AUTHOR NAME
Personal name Moore, W E
245 #0 - TITLE STATEMENT
Title Social change
250 ## - EDITION STATEMENT
Edition statement Ed.2
260 ## - PUBLICATION, DISTRIBUTION, ETC. (IMPRINT)
Place of publication New Delhi
Name of publisher Prentice Hall
Year of publication 1978
942 ## - ADDED ENTRY ELEMENTS (KOHA)
Koha item type Books
Holdings
Withdrawn status Lost status Damaged status Not for loan Home library Current library Date acquired Cost, normal purchase price Full call number Accession Number Koha item type
        RRII Library RRII Library 16/12/2021 9.50 301.15 MOO 09799 Books